000
00266nam a22001217a 4500
008
180905b xxu||||| |||| 00| 0 eng d
041
_a
eng
080
_2
3 ED
_a
32
100
_a
20
101
_a
SHP
245
_a
Inside The System
_c
Peters.CH
942
_2
udc
_c
BK
999
_c
47563
_d
47563